[Event "THA-chT"]
[Site "Bangkok"]
[Date "2019.12.17"]
[Round "4.1"]
[White "Nunbhakdi, Tawin Matthew"]
[Black "Habla, Jony"]
[Result "1-0"]
[WhiteElo "2058"]
[BlackElo "2102"]
[PlyCount "87"]
[EventDate "2019.12.16"]
[EventType "team-swiss"]
[EventRounds "9"]
[EventCountry "THA"]
[SourceTitle "CBM 194 Extra"]
[Source "ChessBase"]
[SourceDate "2020.03.31"]
[SourceVersion "1"]
[SourceVersionDate "2020.03.31"]
[SourceQuality "1"]
[WhiteTeam "JCA Alpha"]
[BlackTeam "Big Rook Chess Academy"]
[WhiteTeamCountry "THA"]
[BlackTeamCountry "THA"]

1. d4 d5 2. c4 e6 3. Nc3 Nf6 4. Nf3 Be7 5. Bf4 0-0 6. e3 b6 7. Qc2 Bb7 8. cxd5 exd5 9. Be2 a6 10. 0-0 Nh5 11. Be5 Nf6 12. Bd3 Nbd7 13. Nh4 g6 14. f4 Ne4 15. Nf3 Nxc3 16. Qxc3 c5 17. f5 Rc8 18. Qd2 f6 19. Bg3 g5 20. h4 h6 21. hxg5 hxg5 22. Kf2 Rf7 23. Rh1 Nf8 24. Nh2 Bd6 25. Bxd6 Qxd6 26. Ng4 Rh7 27. Rxh7 Nxh7 28. Rh1 Re8 29. g3 Bc6 30. Rh6 Bb5 31. Bxb5 axb5 32. e4 Rxe4 33. Nxf6+ Nxf6 34. Qxg5+ Kf7 35. Qg6+ Ke7 36. Qg7+ Kd8 37. Rxf6 Qd7 38. Rf8+ Re8 39. Qxd7+ Kxd7 40. Rxe8 Kxe8 41. a3 Ke7 42. Ke3 Kf6 43. Kf4 c4 44. g4 1-0

[Event "THA-chT"]
[Site "Bangkok"]
[Date "2019.12.16"]
[Round "1.1"]
[White "Nunbhakdi, Tawin Matthew"]
[Black "Teerawuttiudom, Bhudit"]
[Result "1-0"]
[WhiteElo "2058"]
[BlackElo "1033"]
[PlyCount "31"]
[EventDate "2019.12.16"]
[EventType "team-swiss"]
[EventRounds "9"]
[EventCountry "THA"]
[SourceTitle "CBM 194 Extra"]
[Source "ChessBase"]
[SourceDate "2020.03.31"]
[SourceVersion "1"]
[SourceVersionDate "2020.03.31"]
[SourceQuality "1"]
[WhiteTeam "JCA Alpha"]
[BlackTeam "Big Rook Chess Academy III"]
[WhiteTeamCountry "THA"]
[BlackTeamCountry "THA"]

1. d4 Nf6 2. c4 e6 3. Nf3 Be7 4. Nc3 d5 5. Bf4 c6 6. e3 Nbd7 7. Qc2 0-0 8. h3 b6 9. Bd3 g6 10. h4 h5 11. Bh6 Re8 12. Bxg6 Kh8 13. Ng5 Qc7 14. Nxf7+ Kg8 15. Bh7+ Nxh7 16. Qg6# 1-0

[Event "THA-chT"]
[Site "Bangkok"]
[Date "2019.12.16"]
[Round "2.1"]
[White "Saokham, Siwabannakorn"]
[Black "Nunbhakdi, Tawin Matthew"]
[Result "0-1"]
[WhiteElo "1327"]
[BlackElo "2058"]
[PlyCount "58"]
[EventDate "2019.12.16"]
[EventType "team-swiss"]
[EventRounds "9"]
[EventCountry "THA"]
[SourceTitle "CBM 194 Extra"]
[Source "ChessBase"]
[SourceDate "2020.03.31"]
[SourceVersion "1"]
[SourceVersionDate "2020.03.31"]
[SourceQuality "1"]
[WhiteTeam "Chaturongkapas"]
[BlackTeam "JCA Alpha"]
[WhiteTeamCountry "THA"]
[BlackTeamCountry "THA"]

1. e4 e6 2. d4 d5 3. exd5 exd5 4. Nc3 Nf6 5. Bd3 Nc6 6. Nge2 Bd6 7. Bg5 Be6 8. Qd2 h6 9. Bh4 g5 10. Bg3 Qd7 11. f4 0-0-0 12. fxg5 hxg5 13. Qxg5 Ng4 14. 0-0-0 Rdg8 15. Qd2 Bxg3 16. hxg3 Nf2 17. Rxh8 Nxd3+ 18. Qxd3 Rxh8 19. Nf4 Nb4 20. Qf3 Bg4 21. Qe3 Bxd1 22. Kxd1 Qf5 23. Qd2 Rh1+ 24. Ke2 c6 25. a3 Nxc2 26. Kf2 Rh8 27. Qd1 Re8 28. Qd2 Ne3 29. Qe2 Ng4+ 0-1

[Event "Penang op 10th"]
[Site "Penang"]
[Date "2018.12.03"]
[Round "1"]
[White "Pang, Khai Jie Ryan"]
[Black "Nunbhakdi, Tawin Matthew"]
[Result "0-1"]
[WhiteElo "1607"]
[BlackElo "2072"]
[PlyCount "74"]
[EventDate "2018.12.03"]
[EventType "swiss"]
[EventRounds "9"]
[EventCountry "MAS"]
[SourceTitle "CBM 187 Extra"]
[Source "ChessBase"]
[SourceDate "2018.11.04"]
[SourceVersion "1"]
[SourceVersionDate "2018.11.04"]
[SourceQuality "1"]

1. e4 e6 2. d4 d5 3. Nc3 Nf6 4. Bg5 Bb4 5. e5 h6 6. exf6 hxg5 7. fxg7 Rg8 8. h4 gxh4 9. Qh5 Qf6 10. Qxh4 Qxg7 11. 0-0-0 Nc6 12. Nb5 Bd6 13. c4 a6 14. Nxd6+ cxd6 15. cxd5 exd5 16. Qf4 Be6 17. a3 Rc8 18. Kb1 Kd7 19. Nf3 Qg4 20. Qd2 Rh8 21. Rg1 Rhg8 22. Be2 Qg6+ 23. Ka2 Qf6 24. g3 Bg4 25. Qf4 Qxf4 26. gxf4 Rce8 27. Rde1 Rxe2 28. Rxg4 Rxb2+ 29. Kxb2 Rxg4 30. Re3 Rxf4 31. Kc3 b5 32. Rd3 f6 33. Re3 Na5 34. Rd3 Nc4 35. Kb4 Kc6 36. a4 bxa4 37. Rc3 a3 0-1

[Event "Bangkok Assumption op"]
[Site "Bangkok"]
[Date "2017.03.19"]
[Round "9"]
[White "Tantipura, Noppakorn"]
[Black "Nunbhakdi, Tawin Matthew"]
[Result "1/2-1/2"]
[WhiteElo "1582"]
[BlackElo "1957"]
[PlyCount "57"]
[EventDate "2017.03.10"]
[EventType "swiss"]
[EventRounds "9"]
[EventCountry "THA"]
[SourceTitle "EXT 2018"]
[Source "ChessBase"]
[SourceDate "2017.10.13"]
[SourceVersion "1"]
[SourceVersionDate "2017.10.13"]
[SourceQuality "1"]

1. e4 e6 2. d4 d5 3. exd5 exd5 4. Nf3 Nf6 5. Bd3 Bd6 6. 0-0 0-0 7. Re1 Bg4 8. h3 Bh5 9. Nbd2 Nbd7 10. Nf1 c6 11. c3 Qc7 12. Ne3 Rfe8 13. Be2 Ne4 14. Nf5 Bf4 15. Nd2 Bxe2 16. Rxe2 Ndf6 17. Nxe4 Nxe4 18. Be3 Bxe3 19. Rxe3 g6 20. Ng3 Nxg3 21. Rxg3 Re4 22. Re3 Rxe3 23. fxe3 Re8 24. Qf3 Re4 25. g4 Qe7 26. Re1 Qh4 27. Rf1 Qe7 28. Kf2 Kg7 29. Ke2 1/2-1/2

[Event "London Classic op 8th"]
[Site "London"]
[Date "2016.12.12"]
[Round "5"]
[White "Sucikova, Svetlana"]
[Black "Nunbhakdi, Tawin Matthew"]
[Result "1/2-1/2"]
[WhiteElo "2083"]
[BlackElo "1923"]
[PlyCount "106"]
[EventDate "2016.12.09"]
[EventType "swiss"]
[EventRounds "9"]
[EventCountry "ENG"]
[SourceTitle "CBM 176 Extra"]
[Source "ChessBase"]
[SourceDate "2017.03.02"]
[SourceVersion "1"]
[SourceVersionDate "2017.03.02"]
[SourceQuality "1"]

1. c4 e5 2. Nc3 Bb4 3. Nd5 Be7 4. b3 c6 5. Nxe7 Qxe7 6. Bb2 Nf6 7. g3 d5 8. cxd5 cxd5 9. Nf3 e4 10. Nd4 0-0 11. Rc1 Bd7 12. Bg2 Nc6 13. Nxc6 Bxc6 14. 0-0 Rac8 15. Bd4 Nd7 16. d3 Qe6 17. a4 a6 18. Qd2 Ne5 19. Qb2 Rfe8 20. dxe4 dxe4 21. Rfd1 f6 22. Rc3 Rcd8 23. Rd2 Rd6 24. Rc1 Red8 25. Rcd1 R6d7 26. Qc3 Rd6 27. Qe3 Ng4 28. Qc3 Ne5 29. Qc2 Nf7 30. b4 R6d7 31. e3 Ng5 32. Bc5 Rxd2 33. Rxd2 Rxd2 34. Qxd2 Nf3+ 35. Bxf3 exf3 36. Qd6 Qxd6 37. Bxd6 Bxa4 38. Kf1 Kf7 39. Ke1 Ke6 40. Bf8 g6 41. Kd2 Kd5 42. Kc3 Ke4 43. Be7 f5 44. h4 Bb5 45. Bf6 h6 46. Bg7 h5 47. Bf6 Bd7 48. Bg7 b6 49. Bf6 a5 50. bxa5 bxa5 51. Bd8 a4 52. Be7 Be8 53. Bf8 Bf7 1/2-1/2